Directorio latinoamericano de instituciones de educación en derechos humanos

Uloženo v:
Podrobná bibliografie
Korporativní autor: Instituto Interamericano de Derechos Humanos (Autor)
Médium: Kniha
Jazyk:španělština
Vydáno: San José Instituto Interamericano de Derechos Humanos 1995
Témata:
Tagy: Přidat tag
Žádné tagy, Buďte první, kdo vytvoří štítek k tomuto záznamu!

MARC

LEADER 00000nam a2200000 a 4500
001 UCT9063
003 CL-VaPUC
008 970404e19950000CR |||||||||||||||||spa|d
082 0 4 |a 341.481  |b INS  |2 21 
110 2 |a Instituto Interamericano de Derechos Humanos  |e author  |9 381463 
245 1 0 |a Directorio latinoamericano de instituciones de educación en derechos humanos 
300 |a 428 p 
942 |c BK 
945 |d 19970404 00:00:00  |a amoreno 
260 |a San José  |b Instituto Interamericano de Derechos Humanos  |c 1995 
650 0 |a Derechos humanos  |9 223025 
650 0 |a Cooperación internacional  |9 255447 
650 7 |a DIRECTORIO  |2 CL-VaPUC  |9 381464 
583 |a last modification  |c 19970404 00:00:00  |k Rodrigo Vera 
999 |c 257517  |d 257515 
952 |0 0  |1 0  |4 0  |6 341_481000000000000_INS_1995  |7 0  |8 P  |9 281025  |a BIBEDU  |b BIBEDU  |c BIBEDU_PB  |d 2019-11-19  |i 3288307  |o 341.481 INS 1995  |p 3288307  |r 2024-01-25  |w 2019-11-19  |y BK  |k EDU